000 01334pam a2200325 a 4500
999 _c9979
_d9979
001 2105996
003 GBCCL
005 20241126110722.0
008 960417s1996 miu b 001 0 eng
010 _a 96016189
020 _a0310201551 (softcover)
040 _aDLC
_cDLC
_dDLC
050 0 0 _aBT767.3
_b.A74 1996
082 0 0 _a234.13
_220
_bARE
245 0 0 _aAre miraculous gifts for today? :
_bfour views /
_cRichard B. Gaffin, Jr. ... [et al.] ; Wayne A. Grudem, general editor.
260 _aGrand Rapids, Mich. :
_bZondervan Pub.,
_cc1996.
300 _a368 p. ;
_c21 cm.
490 1 _aCounterpoints
504 _aIncludes bibliographical references and indexes.
505 0 _aCessationist / Richard B. Gaffin, Jr. -- Open but cautious / R. L. Saucy -- Third wave / C. Samuel Storms -- Pentacostal/charismatic / Douglas A. Oss.
650 0 _aGifts, Spiritual.
_9664
650 0 _aMiracles.
_93104
700 1 _aGaffin, Richard B.
_917364
700 1 _aGrudem, Wayne A.
_91981
830 0 _aCounterpoints (Grand Rapids, Mich.)
_91396
856 4 2 _3Publisher description
_uhttp://www.loc.gov/catdir/enhancements/fy0633/96016189-d.html
906 _a7
_bcbc
_corignew
_d1
_eocip
_f19
_gy-gencatlg
942 _2ddc
_cBK
_01